[Event "ESP-ch U12"]
[Site "Linares"]
[Date "2007.07.11"]
[Round "6"]
[White "Talavera Garcia, Santiago"]
[Black "Freire Vazquez, Cristian"]
[Result "1-0"]
[WhiteElo "1643"]
[BlackElo "1496"]
[PlyCount "79"]
[EventDate "2007.07.08"]
[EventType "swiss"]
[EventRounds "9"]
[EventCountry "ESP"]
[SourceTitle "EXT 2008"]
[Source "ChessBase"]
[SourceDate "2007.11.25"]
[SourceVersion "1"]
[SourceVersionDate "2007.11.25"]
[SourceQuality "1"]

1. d4 Nf6 2. c4 c5 3. d5 b5 4. cxb5 a6 5. bxa6 Nxa6 6. Nc3 g6 7. e4 d6 8. Nf3 Bg7 9. Be2 0-0 10. 0-0 Bd7 11. Bxa6 Rxa6 12. Qc2 Bg4 13. Nd2 Qd7 14. f3 Bh5 15. Nc4 Rfa8 16. h3 g5 17. Bxg5 Bg6 18. Qe2 Nh5 19. Kh2 h6 20. Be3 f5 21. g4 fxg4 22. hxg4 Nf6 23. a4 Nh7 24. a5 Rf8 25. Kg2 e5 26. Nxe5 Bxe5 27. Qxa6 Bxc3 28. Qc6 Qxc6 29. dxc6 Bxb2 30. Ra2 Bg7 31. a6 Be8 32. c7 Bb5 33. Rb1 Bxa6 34. Rxa6 d5 35. Rb8 d4 36. Rxf8+ Nxf8 37. c8Q dxe3 38. Qxc5 e2 39. Qc4+ Kh8 40. Qxe2 1-0

[Event "ESP-ch U12"]
[Site "Linares"]
[Date "2007.07.10"]
[Round "4"]
[White "Freire Vazquez, Cristian"]
[Black "Cerrato Torrijos, Maria"]
[Result "0-1"]
[WhiteElo "1496"]
[BlackElo "1770"]
[PlyCount "68"]
[EventDate "2007.07.08"]
[EventType "swiss"]
[EventRounds "9"]
[EventCountry "ESP"]
[SourceTitle "EXT 2008"]
[Source "ChessBase"]
[SourceDate "2007.11.25"]
[SourceVersion "1"]
[SourceVersionDate "2007.11.25"]
[SourceQuality "1"]

1. e4 c5 2. Nf3 e6 3. d4 cxd4 4. Nxd4 Nf6 5. Nc3 Bb4 6. Bg5 Qa5 7. Bd2 Qe5 8. Ndb5 a6 9. f4 Qc5 10. e5 Ng8 11. Nd6+ Kf8 12. Nce4 Bxd2+ 13. Qxd2 Qc7 14. Bd3 f5 15. Ng5 Nh6 16. Qb4 Nc6 17. Qc5 b6 18. Qa3 Kg8 19. Qb3 Na5 20. Qb4 Nb7 21. Nxb7 Bxb7 22. Qe7 Qd8 23. Qxd8+ Rxd8 24. 0-0-0 Kf8 25. Rhg1 Ke7 26. h3 b5 27. g4 g6 28. gxf5 exf5 29. Be2 Nf7 30. Nxf7 Kxf7 31. Rd6 Rhe8 32. Rgd1 Re7 33. b3 Ke8 34. c4 b4 0-1

[Event "ESP-ch U12"]
[Site "Linares"]
[Date "2007.07.09"]
[Round "3"]
[White "Suarez Garcia, Carlos"]
[Black "Freire Vazquez, Cristian"]
[Result "1-0"]
[WhiteElo "1735"]
[BlackElo "1496"]
[PlyCount "99"]
[EventDate "2007.07.08"]
[EventType "swiss"]
[EventRounds "9"]
[EventCountry "ESP"]
[SourceTitle "EXT 2008"]
[Source "ChessBase"]
[SourceDate "2007.11.25"]
[SourceVersion "1"]
[SourceVersionDate "2007.11.25"]
[SourceQuality "1"]

1. e4 c6 2. d4 d5 3. Nd2 dxe4 4. Nxe4 Bf5 5. Ng3 Bg6 6. Nf3 Nd7 7. h4 h6 8. Bd3 Bxd3 9. Qxd3 Ngf6 10. Bd2 e6 11. 0-0-0 Be7 12. Ne2 0-0 13. Nf4 Kh8 14. Rdg1 Ng4 15. Qe2 c5 16. g3 cxd4 17. Nxd4 Ngf6 18. Ndxe6 fxe6 19. Nxe6 Qb6 20. Nxf8 Bxf8 21. g4 Re8 22. Qf1 Ne4 23. Be3 Qa5 24. Qc4 Nd6 25. Qb3 Re4 26. g5 h5 27. Rd1 Ra4 28. a3 Nc4 29. Rxd7 Bxa3 30. Rd8+ Qxd8 31. Qxa4 Bxb2+ 32. Kb1 b5 33. Qxa7 Qd5 34. Rg1 Qd8 35. g6 Bf6 36. Qc5 Be5 37. f4 Nxe3 38. Qxe5 Ng4 39. Qxh5+ Nh6 40. Qxb5 Kg8 41. Re1 Kf8 42. Kb2 Qf6+ 43. Kb3 Qxg6 44. Qb8+ Kf7 45. Qe8+ Kf6 46. Re6+ Kf5 47. Qxg6+ Kxf4 48. Qe4+ Kg3 49. Rg6+ Kf2 50. Rg2+ 1-0